书目信息 |
| 题名: |
土壤和肥料基础知识
|
|
| 作者: | 夏荣基 , 陆景陵 编 | |
| 分册: | ||
| 出版信息: | 北京 农业出版社 1981 |
|
| 页数: | 158页 | |
| 开本: | 19cm | |
| 丛书名: | ||
| 单 册: | ||
| 中图分类: | S1 | |
| 科图分类: | ||
| 主题词: | 农业科学--基础理论 | |
| 电子资源: | ||
| ISBN: | ||
| 000 | 00589nam0 2200217 45 | |
| 001 | 0181011794 | |
| 005 | 20060424091659.62 | |
| 010 | @dCNY0.42 | |
| 091 | @a16144.2378 | |
| 100 | @a20810111d1981 km y0chiy0120 ea | |
| 101 | 0 | @achi |
| 200 | 1 | @Atu rang he fei liao ji chu zhi shi@a土壤和肥料基础知识@Fxia ji rong lu jing ling@f夏荣基,陆景陵编 |
| 210 | @a北京@c农业出版社@d1981 | |
| 215 | @a158页@d19cm | |
| 300 | @a农业干部培训自学读本 | |
| 606 | 0 | @a农业科学@x基础理论 |
| 690 | @aS1@v3 | |
| 701 | 0 | @a夏荣基@4编 |
| 701 | 0 | @a陆景陵@4编 |
| 801 | @aCN@bTSTC@c20060424 | |
| 905 | @dS1@e4 | |
| 土壤和肥料基础知识/夏荣基,陆景陵编.-北京:农业出版社,1981 |
| 158页;19cm |
| 农业干部培训自学读本 |
| ISBN :CNY0.42 |
| ● |
| 相关链接 |
|
|
|
|
正题名:土壤和肥料基础知识
索取号:S1/4
 
预约/预借
| 序号 | 登录号 | 条形码 | 馆藏地/架位号 | 状态 | 备注 |
| 1 | 0148575 | 001952042 | 第三借阅区/ [索取号:S1/4] | 在馆 | |
| 2 | 0148576 | 202281324 | 密集书库/ [索取号:S1/4] | 在馆 |